Ultimate Mythical / Legendary Creatures - Statistics

General Stats
  • This quiz has been taken 242 times
  • The average score is 45 of 74
Answer Stats
Hint Answer % Correct
Horse with a horn Unicorn
99%
Flying Lizard that breathes fire Dragon
97%
Soul/Spirit of a dead person Ghost
97%
Creature that drinks blood from European Folklore Vampire
97%
Reanimated Corpse Zombie
96%
Undead Creature wrapped in bandages Mummy
94%
Human-wolf shapeshifter Werewolf
94%
One-eyed Giant Cyclops
93%
Bird of regeneration Phoenix
93%
Half Human Half Horse Centaur
92%
Half Human Half Fish Mermaid
92%
Abominable Snowman Yeti
92%
Arabian supernatural creature from a bottle Genie
91%
Ape-like creature that inhabits north american forests Bigfoot
89%
Legendary sea monster of gigantic size, tentacles Kraken
88%
Winged horse captured and ridden by Bellerophon Pegasus
87%
Being that inhabits heaven in many religions, often depicted with wings Angel
85%
Sepentine Water monster with regrowing heads Hydra
85%
Large Creature that lives under a bridge or rock from Norse Mythology Troll
85%
Small spirit with wings from European folklore Fairy
84%
Sea creatures that sang to lure sailors Siren
84%
Small Human-like creature some people put ceramics of in gardens Gnome
83%
Lion and eagle hybrid Griffin
83%
Small mischievous men from Irish Folklore, pot of gold Leprechaun
82%
Human Bull hybrid Minotaur
81%
General term for evil supernatural beings Demon
79%
The personified force of death, carries a scythe Grim Reaper
78%
Shrieking female spirit from Irish Folklore Banshee
77%
Multi-headed Dog that guards the underworld Cerberus
76%
Horny goatman Satyr
76%
Female with snake properties from Greek Mythology, Medusa Gorgon
73%
Lion, goat and snake hybrid from Greek Mythology Chimera
72%
Creature that inhabits Loch Ness Loch Ness Monster
72%
Serpent King that can cause death with a single glance Basilisk
69%
Ugly Bird-winged woman, steals food Harpy
66%
Classical Mythological creature often depicted with wings and a bow, god of attraction Cupid
65%
Classic literature monster created by Mary Shelley Frankenstein's Monster
63%
South-american creature that sucks blood from livestock Chupacabra
62%
A demon that seduces humans sexually Incubus / Succubus
59%
A mythical character from European folklore that puts people to sleep with magical sand Sandman
59%
Minor female nature deity from Ancient Greek Folklore Nymph
58%
Small and greedy monsterous creature from European Folklore Goblin
57%
Human-like entity that resides in the mountains, short and ugly Dwarf
56%
Spirit responsible for physical disturbances Poltergeist
56%
Human/falcon/cat/sheep, lion and eagle hybrid from Eqyptian and Greek Tradition Sphinx
55%
Human-like magical creature from Germanic Folklore Elf
54%
Smaller, lesser demons/ minions Imp
54%
Female figures that choose who die in battle from Norse Mythology Valkyrie
54%
Man with moth wings and features from West Virginia Folklore Mothman
53%
Personification of Time in Ancient Greek philosophy Chronos
51%
Red, horned demon from Japanese Folklore Oni
49%
Mythical Creature of Cornish Folklore, Similar to fairies Pixie
48%
Small mythical creature that causes malfunctions in machinery and aircraft Gremlin
46%
Large, ugly Human-like creature that eats children Ogre
43%
Mythical Creature used by parents around the world to frighten children into good behaviour Bogeyman
42%
Term for supernatural spirits in Japanese Folklore Yōkai
42%
Deformed old woman associated with forest wildlife in Slavic Folklore Baba Yaga
41%
Cannibalistic creature/Spirit from North American Indigenous Folklore Wendigo
40%
Shapeshifting, intelligent foxes from Japanese Folklore Kitsune
38%
Supernatural entities that assist witches Familiar
37%
Turtle-like creatures from Japanese Folklore Kappa
36%
Tree Spirit from Greek Mythology Dryad
33%
Seal folk that shapeshift by shedding their skin, Celtic mythology Selkie
32%
Small biscuit from European fairytales that comes to life Gingerbread Man
29%
Fae child left in place of a human child stolen by the fae Changeling
28%
Term for supernatural beings considered divine or sacred Deity
27%
Household spirit from Scottish Folklore Brownie
20%
Small human being created via Alchemy Homunculus
19%
A malicious entitiy from European Folklore that rides on people's chests bringing bad dreams Mare
15%
Demonic shapeshifing dog Black Dog
13%
Japanese supernatural beings said to devour nightmares Baku
11%
Small mammal from Far eastern tradition that lives on the Moon Moon Rabbit
11%
Thicc Snake-like being from Japanese Folklore Tsuchinoko
8%
Magical deer from worldwide mythology White Stag
3%
No matching quizzes found
Score Distribution
Percent of People with Each Score
Percentile by Number Answered
Your Score History
You have not taken this quiz